000
00318nam a2200133Ia 4500
005
20251222142015.0
008
251222s9999||||xx |||||||||||||| ||spa||
082
_a
922.23/N77
100
_a
Noriega Zegarra, Gustavo
245
0
_a
El Cardenal amigo:
250
_a
1a.ed.
264
_b
Jaime Campodónico
942
_c
LIB
999
_c
10472
_d
10472